| 000 | 01069cab a2200277 4500 | ||
|---|---|---|---|
| 001 | ABS58385 | ||
| 008 | 090401t1998 xxu||||| |||| 00| 0 eng d | ||
| 035 | _a(Sirsi) u84711 | ||
| 041 | _aeng | ||
| 100 | _aLewis, S. | ||
| 245 | _aConstruction law update | ||
| 260 | _c1998 | ||
| 350 | _a0 | ||
| 490 |
_aSolicitors` Journal _v142(7) 20 February 1998, 157-158(2) |
||
| 520 | _aDiscusses construction issues reviewed by the courts during 1997. Looks at cases on the effect of the Arbitration Act 1996, a re-examination of the "Crouch" decision and the nature and extent of architects` duties. | ||
| 650 | _aARBITRATION ACT 1996 | ||
| 650 | _aARCHITECTS DUTIES | ||
| 650 | _aCHANNEL TUNNEL GROUP LTD V BALFOUR BEATTY CONSTRUCTION LTD | ||
| 650 | _aGREAT ORMOND STREET HOSPITAL NHS TRUST V SOS HEALTH | ||
| 650 | _aHALKI SHIPPING CORPORATION V SOPEX OILS LTD | ||
| 650 | _aNORTHERN REGIONAL HEALTH AUTHORITY V CROUCH | ||
| 650 | _aTESCO STORES LTD V NORMAN HITCHCOX PARTNERSHIP LTD | ||
| 690 | _aBUILT ENVIRONMENT | ||
| 942 | _n0 | ||
| 948 | _c05/03/1998 | ||
| 999 |
_c53272 _d53272 |
||